000 00799nam a2200229 a 4500
001 000016188
005 20250502073819.0
008 100301s1984 dr 001 0 spa d
040 _aDO-SdBNP
_bspa
_cBNPHU
082 _axxxx
_bP438t
100 1 _aPérez, Juan B.
_936219
245 1 3 _aLa fecha en el testamento / :
_bJuan B. Pérez ; presentación Raymundo Amaro Guzmán.
260 _aSanto Domingo :
_bONAP
_bDepartamento de Relaciones Públicas y Publicaciones,
_c1984.
300 _a80 p. ;
_c22 cm.
490 1 _aEstudios juridicos
_vno. 23
490 1 _aONAP
700 1 _aAmaro Guzmán, Raymundo
_9656
710 1 _aRepública Dominicana.
_bOficina Nacional de Administración y Personal
_926398
830 0 _aEstudios juridicos
_vno. 23
_98442
830 _aONAP
_910860
049 _aBNPD
999 _c15727
_d15727